[Event "Challenge"]
[Site "http://www.queenalice.com/game.php?id=727539"]
[Date "2010.2.7"]
[Round "-"]
[White "AlmeidaChess"]
[Black "Defensor"]
[Result "1-0"]
[WhiteElo "1740"]
[BlackElo "2036"]

1. d4 d5 2. c4 e6 3. Nc3 Bb4 4. Nf3 Bxc3+ 5. bxc3 Nf6 6. Bg5 O-O 7. e3 Nc6 8.
Bd3 dxc4 9. Bxc4 h6 10. Bh4 g5 11. Nxg5 hxg5 12. Bxg5 e5 13. h4 Bg4 14. f3 Bf5
15. e4 Bh7 16. Qd2 Kh8 17. Bh6 Nh5 18. Bxf8 Qxf8 19. Qg5 Nxd4 20. Qxe5+ Ng7 21.
Qxd4 c5 22. Qd5 Ne6 23. O-O-O Qg7 24. Kb2 Qxg2+ 25. Qd2 Qxf3 26. Rhf1 Qxe4 27.
Bd3 Qg4 28. Bxh7 Kxh7 29. Rxf7+ Kg6 30. Qf2 Ng7 31. Rd6+ Kh7 32. Rdd7 Rg8 33.
Rxb7 Kh8 34. Rxa7 Re8 35. Qf6 Qg2+ 36. Ka3 1-0

[Event "Desafio #05"]
[Site "http://www.queenalice.com/game.php?id=727543"]
[Date "2010.2.7"]
[Round "-"]
[White "Aylton"]
[Black "Defensor"]
[Result "1-0"]
[WhiteElo "1941"]
[BlackElo "2020"]

1. d4 d5 2. Nf3 Bf5 3. e3 Nf6 4. c4 e6 5. a3 Be7 6. Nc3 O-O 7. h3 h6 8. Bd3 Ne4
9. Bxe4 Bxe4 10. Nxe4 dxe4 11. Nd2 f5 12. O-O c5 13. dxc5 Bxc5 14. b4 Bd6 15.
Bb2 Qc7 16. c5 Be5 17. Bxe5 Qxe5 18. Nc4 Qd5 19. Qxd5 exd5 20. Nd6 b6 21. Rfd1
bxc5 22. bxc5 Nc6 23. Rxd5 g6 24. Kf1 Rab8 25. Ra2 Rfd8 26. Ke2 Rb5 27. Nxb5
Rxd5 28. Rc2 a5 29. Nd4 Rxd4 30. exd4 Nxd4+ 31. Kd2 Nxc2 32. Kxc2 Kf7 33. Kc3
Ke6 34. Kd4 h5 35. h4 a4 36. g3 1-0

[Event "Desafio #06"]
[Site "http://www.queenalice.com/game.php?id=727544"]
[Date "2010.2.7"]
[Round "-"]
[White "Defensor"]
[Black "Aylton"]
[Result "1/2-1/2"]
[WhiteElo "2025"]
[BlackElo "2019"]

1. Nf3 d5 2. d4 Nf6 3. b3 e6 4. Bb2 c5 5. dxc5 Bxc5 6. c4 Nbd7 7. cxd5 exd5 8.
e3 O-O 9. Bd3 a6 10. O-O h6 11. Qc2 Ba7 12. Nbd2 b5 13. Nd4 Bxd4 14. Bxd4 Bb7
15. Rac1 Rc8 16. Qb2 Qe7 17. Nf3 Rfd8 18. Rxc8 Rxc8 19. Rc1 Kf8 20. Rxc8+ Bxc8
21. Qc3 Qd8 22. Ne5 Nxe5 23. Bxe5 Ne8 24. Qc5+ Kg8 25. b4 f6 26. Bg3 Kf7 27. Be2
g6 28. Bf3 Be6 29. Qa7+ Qd7 30. Qxa6 f5 31. Be2 Nc7 32. Qb7 Ne8 33. Qxb5 Qxb5
34. Bxb5 Nf6 35. f3 d4 36. exd4 Bxa2 37. Bc6 Ke6 38. Bb8 Nd7 39. Ba7 Kd6 40.
Bxd7 Kxd7 41. Kf2 Kc6 42. Ke3 Bc4 43. g4 fxg4 44. fxg4 Kd5 45. Kf4 Bd3 46. h4
Be2 47. g5 h5 48. b5 Bxb5 49. Ke3 Bd7 50. Kd3 Bf5+ 51. Kc3 Bb1 52. Kb4 Bf5 53.
Kb5 Bb1 54. Ka6 Bf5 55. Bc5 Bb1 56. Kb6 Bf5 57. Kc7 Bb1 1/2-1/2

[Event "Challenge"]
[Site "http://www.queenalice.com/game.php?id=732289"]
[Date "2010.2.15"]
[Round "-"]
[White "narutoninja"]
[Black "Defensor"]
[Result "0-1"]
[WhiteElo "1541"]
[BlackElo "2025"]

1. e4 e5 2. Nf3 d6 3. Bc4 Be7 4. d3 h6 5. Be3 Nf6 6. O-O Bg4 7. Nc3 O-O 8. h3
Bh5 9. d4 exd4 10. Bxd4 Nc6 11. Be3 Ne5 12. Be2 Nxf3+ 13. Bxf3 Bg6 14. Re1 Nh7
15. Qd5 c6 16. Qb3 Qc7 17. Rad1 Bg5 18. Bxg5 Nxg5 19. Bg4 h5 20. Bf5 Bxf5 21.
exf5 d5 22. Qb4 Rfe8 23. Rxe8+ Rxe8 24. Qh4 f6 25. Qxh5 Qf7 26. Qg4 Ne4 27. Nxe4
Rxe4 28. Qf3 Qe7 29. Qh5 Re2 30. Rd4 Re1+ 31. Kh2 Qe5+ 32. g3 Qxd4 33. c3 Qxf2#
0-1

[Event "AUTO-MASTER-1047"]
[Site "http://www.queenalice.com/game.php?id=733959"]
[Date "2010.2.18"]
[Round "1"]
[White "Defensor"]
[Black "jrafaelcc"]
[Result "1-0"]
[WhiteElo "2001"]
[BlackElo "2133"]

1. Nf3 Nf6 2. Nc3 g6 3. e4 d6 4. d4 Bg7 5. h3 O-O 6. Bd3 Nc6 7. O-O e5 8. d5 Ne7
9. Be3 Ne8 10. Qd2 f5 11. Bh6 f4 12. Bxg7 Nxg7 13. Ne2 h6 14. c4 g5 15. c5 g4
16. hxg4 Bxg4 17. Nh2 Bh5 18. g4 Be8 19. f3 Ng6 20. cxd6 cxd6 21. Kf2 Qh4+ 22.
Kg1 h5 23. Rf2 hxg4 24. Nxg4 Kf7 25. Rh2 Qg5 26. Kf2 Bd7 27. Nh6+ Ke7 28. Rg1
Qf6 29. Ng4 Qf7 30. Nh6 Qe8 31. Rhg2 Rf6 32. Nf5+ Nxf5 33. exf5 Nh4 34. Rg7+ Rf7
35. Nxf4 Nxf5 36. Bxf5 Bxf5 37. Ng6+ Kd8 38. Qg5+ Kc8 39. Ne7+ Rxe7 40. Rg8 Bd7
41. Qxe7 1-0

[Event "AUTO-MASTER-1047"]
[Site "http://www.queenalice.com/game.php?id=733960"]
[Date "2010.2.18"]
[Round "1"]
[White "jrafaelcc"]
[Black "Defensor"]
[Result "1-0"]
[WhiteElo "2013"]
[BlackElo "2017"]

1. e4 e5 2. Nf3 d6 3. h3 Nf6 4. Bc4 h6 5. O-O Be7 6. Re1 O-O 7. c3 Nc6 8. d4
exd4 9. cxd4 d5 10. exd5 Nxd5 11. Nc3 Be6 12. Bb3 Bb4 13. Qd3 Nce7 14. Re5 c6
15. Bc2 Nf6 16. Ne4 Ned5 17. a3 Bd6 18. Rxd5 Nxe4 19. Qxe4 g6 20. Rxd6 Qxd6 21.
Bxh6 Bf5 22. Qe2 Rfe8 23. Qd2 Be4 24. Bxe4 Rxe4 25. Re1 Rae8 26. Rxe4 Rxe4 27.
Qc3 f6 28. Be3 b6 29. g3 Qe6 30. Nd2 1-0

[Event "AUTO-MASTER-1047"]
[Site "http://www.queenalice.com/game.php?id=733961"]
[Date "2010.2.18"]
[Round "1"]
[White "Defensor"]
[Black "dossoman"]
[Result "0-1"]
[WhiteElo "2024"]
[BlackElo "2154"]

1. Nf3 c5 2. e4 Nc6 3. Bb5 g6 4. Bxc6 bxc6 5. O-O Bg7 6. c3 d6 7. d4 cxd4 8.
cxd4 Bg4 9. Be3 Qb6 10. Qd2 c5 11. dxc5 dxc5 12. Nc3 Bxf3 13. gxf3 Bd4 14. Na4
Qd6 15. Rac1 Rb8 16. Rfd1 Nf6 17. Bxd4 cxd4 18. Qxd4 Qf4 19. e5 Qg5+ 20. Kh1 Nh5
21. Qd7+ Kf8 22. Qc7 Kg7 23. Qc3 Nf4 24. Rg1 Qf5 25. Qe3 Nd3 26. Rg5 Nxf2+ 27.
Kg2 Qh3+ 28. Kxf2 Qh4+ 29. Kg2 Qxa4 30. e6 Rxb2+ 31. Kg3 f6 32. Qc3 Qxa2 33. Re5
Rg2+ 34. Kf4 fxe5+ 35. Qxe5+ Kh6 0-1

[Event "AUTO-MASTER-1047"]
[Site "http://www.queenalice.com/game.php?id=733962"]
[Date "2010.2.18"]
[Round "1"]
[White "dossoman"]
[Black "Defensor"]
[Result "1-0"]
[WhiteElo "2137"]
[BlackElo "2036"]

1. d4 d5 2. c4 c6 3. e3 Nf6 4. Nf3 Bg4 5. Nc3 e6 6. Be2 Bd6 7. O-O O-O 8. Ne5
Bxe2 9. Qxe2 Bxe5 10. dxe5 Nfd7 11. f4 f6 12. cxd5 cxd5 13. exf6 Nxf6 14. Qb5
Qd7 15. Bd2 a6 16. Qxd7 Nbxd7 17. Ne2 Ne4 18. Bb4 Ndc5 19. Nc3 Nxc3 20. Bxc3 Ne4
21. Bd4 b5 22. Rfc1 Rac8 23. b3 h5 24. g3 g6 25. Kg2 g5 26. Kf3 g4+ 27. Ke2 b4
28. Kd3 Nf2+ 29. Ke2 Ne4 30. Bb6 Nc3+ 31. Kd3 Ne4 32. Ba5 Rc3+ 33. Rxc3 bxc3 34.
Bxc3 Rc8 35. Rc1 Nf2+ 36. Kd4 Ne4 37. Bb2 Rxc1 38. Bxc1 Nxg3 39. hxg3 h4 40.
gxh4 1-0

[Event "Desafio #07"]
[Site "http://www.queenalice.com/game.php?id=734229"]
[Date "2010.2.19"]
[Round "-"]
[White "Aylton"]
[Black "Defensor"]
[Result "1-0"]
[WhiteElo "1903"]
[BlackElo "2001"]

1. d4 d5 2. Nf3 Nf6 3. e3 Bf5 4. c4 e6 5. Nc3 c6 6. a3 Bd6 7. h3 O-O 8. Bd3 Bxd3
9. Qxd3 dxc4 10. Qxc4 Nbd7 11. O-O Rc8 12. b4 Nd5 13. Nxd5 cxd5 14. Qe2 e5 15.
dxe5 Bxe5 16. Nxe5 Nxe5 17. Bb2 Nc4 18. Bd4 a6 19. Rfc1 b5 20. Bc5 Re8 21. Qd3
Qg5 22. Bd4 Re6 23. f4 Qg3 24. Rc3 Rce8 25. Rxc4 dxc4 26. Qc3 Rg6 27. Ra2 Rge6
28. Re2 Re4 29. Kf1 R8e6 30. Qd2 f6 31. Bc5 Qg6 32. Kf2 Qe8 33. g3 g5 34. Bd4
gxf4 35. gxf4 Qh5 36. Re1 Qxh3 37. Rg1+ Kf7 38. Bc5 Re8 39. Qd5+ R8e6 40. Qd7+
1-0

[Event "Desafio #08"]
[Site "http://www.queenalice.com/game.php?id=734230"]
[Date "2010.2.19"]
[Round "-"]
[White "Defensor"]
[Black "Aylton"]
[Result "1-0"]
[WhiteElo "1981"]
[BlackElo "1908"]

1. Nf3 d5 2. d4 Nf6 3. Bf4 e6 4. e3 c5 5. h3 Nc6 6. Nc3 a6 7. Be2 Bd6 8. Bxd6
Qxd6 9. Na4 cxd4 10. exd4 b5 11. Nc5 O-O 12. O-O e5 13. dxe5 Nxe5 14. Nxe5 Qxe5
15. b4 Rd8 16. Bf3 Qd6 17. a4 bxa4 18. Rxa4 Bd7 19. Nxd7 Qxd7 20. Ra5 Qc6 21.
Qd3 h6 22. Rd1 Qb6 23. Bxd5 Nxd5 24. Rxd5 Rxd5 25. Qxd5 Rb8 26. c3 Rc8 27. Rd3
Rb8 28. Qd7 Rb7 29. Qd8+ Qxd8 30. Rxd8+ Kh7 31. Rc8 f6 32. f3 Kg6 33. Kf2 Kf5
34. Re8 Rc7 35. Re3 g5 36. g3 h5 37. g4+ hxg4 38. hxg4+ Kg6 39. Ke2 Rc6 40. Kd3
Kf7 41. c4 Rd6+ 42. Kc3 Rb6 43. c5 Rc6 44. Kc4 Rc8 45. Ra3 Ra8 46. c6 Ke7 47.
Rd3 Ke6 48. Kc5 a5 49. bxa5 Rxa5+ 50. Kb6 Ra1 51. Kb7 Rb1+ 52. Kc8 Ke7 53. Rd7+
Ke8 54. Rb7 Rc1 55. c7 Rc3 56. Kb8 1-0

[Event "Xadrez 4"]
[Site "http://www.queenalice.com/game.php?id=908645"]
[Date "2011.3.7"]
[Round "-"]
[White "Defensor"]
[Black "luxitano78"]
[Result "1-0"]
[WhiteElo "2047"]
[BlackElo "2048"]

1. Nf3 Nf6 2. d4 d5 3. Nc3 Nc6 4. Bg5 Bf5 5. Bxf6 exf6 6. e3 Bb4 7. Bb5 O-O 8.
O-O Ne7 9. Bd3 Bg4 10. h3 Bh5 11. e4 c6 12. exd5 Bxc3 13. bxc3 Nxd5 14. c4 Nb6
15. c3 Qc7 16. d5 cxd5 17. cxd5 Qxc3 18. Rc1 Qa3 19. g4 Bg6 20. Bxg6 fxg6 21.
Nd4 Rfd8 22. Nb5 Qxh3 23. Rc3 Qh4 24. d6 Qg5 25. Nc7 Qa5 26. Qb3+ Kh8 27. Nxa8
Nxa8 28. Re1 h6 29. Re7 1-0

[Event "Challenge"]
[Site "http://www.queenalice.com/game.php?id=909523"]
[Date "2011.3.7"]
[Round "-"]
[White "guidovall"]
[Black "Defensor"]
[Result "0-1"]
[WhiteElo "2044"]
[BlackElo "2016"]

1. e4 e5 2. Nc3 Nf6 3. f4 d6 4. Nf3 Nc6 5. Bb5 Bg4 6. d3 Be7 7. O-O O-O 8. Bxc6
bxc6 9. fxe5 dxe5 10. Nxe5 Bxd1 0-1

[Event "Challenge"]
[Site "http://www.queenalice.com/game.php?id=909524"]
[Date "2011.3.7"]
[Round "-"]
[White "noseasino"]
[Black "Defensor"]
[Result "1-0"]
[WhiteElo "2139"]
[BlackElo "2069"]

1. e4 e5 2. Nf3 Nc6 3. d4 exd4 4. Nxd4 Nxd4 5. Qxd4 d6 6. Nc3 Nf6 7. Be2 Be7 8.
O-O O-O 9. Bf4 Be6 10. Rfd1 Nd7 11. Nd5 Bxd5 12. Qxd5 c6 13. Qf5 g6 14. Qh3 Qc7
15. Qc3 Rfe8 16. Rab1 Bf6 17. Qb4 Be5 18. Bxe5 dxe5 19. Rd6 a5 20. Qa3 Rad8 21.
Rbd1 Nf8 22. Bg4 Rxd6 23. Qxd6 Qb6 24. b3 h5 25. Be2 Ne6 26. Qxe5 Qc5 27. Qxc5
Nxc5 28. f3 f5 29. Bc4+ Kg7 30. exf5 gxf5 31. Kf2 b5 32. Be2 Re6 33. Rd8 a4 34.
b4 Na6 35. a3 f4 36. c4 Kf6 37. Rc8 c5 38. cxb5 Nxb4 39. axb4 a3 40. bxc5 Ra6
41. bxa6 a2 42. a7 a1=Q 43. a8=Q 1-0

[Event "AUTO-MASTER-1362"]
[Site "http://www.queenalice.com/game.php?id=909728"]
[Date "2011.3.7"]
[Round "1"]
[White "Famelo"]
[Black "Defensor"]
[Result "1-0"]
[WhiteElo "2200"]
[BlackElo "2051"]

1. f4 Nf6 2. Nf3 b6 3. e3 Bb7 4. Be2 d5 5. O-O e6 6. d4 Nbd7 7. c3 Ne4 8. Nbd2
Ndf6 9. Ne5 Qc8 10. Bd3 Ba6 11. Qa4+ b5 12. Bxb5+ Bxb5 13. Qxb5+ Nd7 14. Nxe4
dxe4 15. Qc6 Bd6 16. Nxd7 Ke7 17. Ne5 Bxe5 18. fxe5 Rb8 19. b3 Rb6 20. Ba3+ Kd8
21. Qxe4 1-0

[Event "AUTO-MASTER-1362"]
[Site "http://www.queenalice.com/game.php?id=909729"]
[Date "2011.3.7"]
[Round "1"]
[White "Defensor"]
[Black "Famelo"]
[Result "0-1"]
[WhiteElo "2033"]
[BlackElo "2204"]

1. Nf3 d6 2. d4 Nf6 3. Nc3 g6 4. Bg5 Bg7 5. Bxf6 Bxf6 6. e4 O-O 7. Bc4 Nc6 8. d5
Ne5 9. Nxe5 Bxe5 10. Qd2 e6 11. O-O-O Qf6 12. dxe6 Bf4 0-1

[Event "AUTO-MASTER-1362"]
[Site "http://www.queenalice.com/game.php?id=909742"]
[Date "2011.3.7"]
[Round "1"]
[White "killtochess"]
[Black "Defensor"]
[Result "1/2-1/2"]
[WhiteElo "2136"]
[BlackElo "2066"]

1. e4 e5 2. f4 d6 3. Nf3 Bg4 4. Bc4 Nf6 5. d3 Be7 6. h3 Bxf3 7. Qxf3 Nc6 8. c3
Na5 9. Bb3 Nxb3 10. axb3 O-O 11. Nd2 exf4 12. Qxf4 d5 13. e5 Nh5 14. Qf3 Bh4+
15. Kd1 Ng3 16. Rg1 c5 17. Nf1 Nxf1 18. Rxf1 Qe7 19. Bf4 Qe6 20. g3 Be7 21. g4
f6 22. exf6 Bxf6 23. Re1 Be5 24. Qe2 Rxf4 25. Qxe5 Qxe5 26. Rxe5 Rf1+ 27. Re1
Rf3 28. Kc2 Rxh3 29. b4 cxb4 30. Ra5 bxc3 31. Rxd5 cxb2 32. Kxb2 Rg3 33. g5 Rf3
34. Re7 Rf7 35. Rdd7 Rxe7 36. Rxe7 a5 37. Rxb7 a4 38. Ka3 Ra5 39. d4 Rxg5 40.
Kxa4 Rd5 41. Rb4 h5 42. Kb3 Kf7 43. Kc4 Ke6 44. Rb8 Rd7 45. Re8+ Re7 46. d5+ Kd6
47. Rd8+ Rd7 48. Re8 Re7 1/2-1/2

[Event "AUTO-MASTER-1362"]
[Site "http://www.queenalice.com/game.php?id=909743"]
[Date "2011.3.7"]
[Round "1"]
[White "Defensor"]
[Black "killtochess"]
[Result "1/2-1/2"]
[WhiteElo "2063"]
[BlackElo "2138"]

1. Nf3 d6 2. d4 Nf6 3. Nc3 g6 4. e4 Bg7 5. h3 O-O 6. Bc4 c5 7. d5 a6 8. a4 Re8
9. O-O e6 10. Re1 exd5 11. Bxd5 Nc6 12. Bxc6 bxc6 13. Bf4 d5 14. e5 Nd7 15. Qd2
Nf8 16. Ne2 Ne6 17. Bh6 a5 18. Ng3 Bh8 19. h4 Qb6 20. h5 Rb8 21. Ra3 Qb4 22. Rb3
Qxd2 23. Nxd2 Rxb3 24. Nxb3 Nd4 25. Nxa5 Nxc2 26. Rc1 Nb4 27. Rxc5 Bxe5 28. Nxc6
Nxc6 29. Rxc6 Bd7 30. Rc5 Bxa4 31. Rxd5 Bxb2 32. Be3 Bg7 33. hxg6 hxg6 34. Bd4
Re1+ 35. Kh2 Rd1 36. Rd8+ Kh7 37. Bb6 Rxd8 38. Bxd8 Be5 39. Kh3 Bd7+ 40. Kh4 f6
41. Ne4 Kg7 42. f4 Bd4 43. g4 Bc6 44. Ng3 Bf2 45. Kh3 Bxg3 1/2-1/2